000 01289nam a2200301 i 4500
001 178846
003 ES-MaACL
005 20230911112755.0
008 110718s2004 sp |||| |aspa d
020 _a84-8472-181-7
080 _a929 Esplá, Carlos
100 1 _aEsplá, Carlos.
_947930
245 1 0 _aMi vida hecha cenizas
_b: (diarios 1920-1965) /
_cCarlos Esplá Rizo ; introducción, redacción y notas, Pedro L. Angosto y Encarna Fernández.
260 _aSevilla :
_bRenacimiento,
_c2004.
300 _a377 p. :
_b1 retr. ;
_c24 cm.
490 1 _aBiblioteca del exilio
490 1 _aMemoria del exilio.
_aAnejos ;
_v6
504 _aBibliografía: p. 19-22.
505 8 _aContiene: 1 ;
_tA vueltas con la derrota. Recuerdos y añoranzas (1920-1949) - 2 ;
_tTribulaciones de un traductor republicano en Naciones Unidas (1950-1959) 3 ;
_tLos últimos años. Tibio resurgir de la esperanza (1960-1965)
600 1 7 _aEsplá, Carlos.
_947930
700 1 _aAngosto, Pedro L.
_921753
700 1 _aFernández, Encarna (
_qFernández García)
_9147369
830 0 _aBiblioteca del exilio
_9180374
830 0 _aMemoria del exilio.
_aAnejos ;
_v6
_9224352
852 _aES-MaACL
_9185711
_bR.145823
_jA-11357
_cDEPO1
_dOlim: N-4361
942 _2udc
999 _c178846
_d178846